Normal view
MARC view
Entry Topical Term
001 - CONTROL NUMBER
- control field: 264245
003 - CONTROL NUMBER IDENTIFIER
- control field: OSt
005 - DATE AND TIME OF LATEST TRANSACTION
- control field: 20260521161940.0
008 - FIXED-LENGTH DATA ELEMENTS
- fixed length control field: 260521|| aca||aabn | a|a d
040 ## - CATALOGING SOURCE
- Original cataloging agency: OSt
- Transcribing agency: OSt
150 ## - HEADING--TOPICAL TERM
- Topical term or geographic name entry element: Francisco Luís Gomes (1829–1869)
670 ## - SOURCE DATA FOUND
- Source citation: Work cat.: (OSt)98694: GOMES (Olivinho). 264243, Fhransishak Luyij Gomish., 1984